| 000 | 00657nam a22002297a 4500 | ||
|---|---|---|---|
| 005 | 20170124110002.0 | ||
| 010 | _aB-059565 | ||
| 020 | _c00.00 | ||
| 035 | _aB-059565 | ||
| 037 | _bCen Lib/Ret | ||
| 040 |
_aDPL _bEN |
||
| 082 |
_a362.11068 _bJHA |
||
| 100 |
_aJha, S.M. _94388 |
||
| 245 |
_aHospital management / _cby S.M. Jha |
||
| 260 |
_bHimalaya publishing house _a Delhi _c2001 |
||
| 270 |
_b Delhi _aAnsari road daryaganj |
||
| 300 |
_axii,563p. : _c21cm(Hb) |
||
| 500 | _aIncludes bibliographical references | ||
| 650 |
_aManagement _93072 |
||
| 650 |
_aHospital management _916114 |
||
| 942 |
_2ddc _cEN _h362.11068 _mJHA |
||
| 999 |
_c125963 _d125963 |
||